000 00949nam a2200229 a 4500
003 0
005 20250610091653.0
008 021114s19uu xx 00 eng d
050 _aPGS PN 1992.3.C45
_b.C352 1999
100 _aCastillo, Kristine Ann Gabrielle D.
245 _aTV viewing preferences and perceptions of grade school students of Southville International School /
_cKristine Ann Gabrielle D. Castillo.
260 _aLas PiƱas City, Philippines :
_bSouthville International School and Colleges,
_c1999.
300 _a41 pages :
_bcolored illustrations ;
_c28 cm.
504 _aIncludes bibliographical references.
650 _aTelevision and children.
650 _aTelevision programs
_vJuvenile audiences.
650 _aTelevision viewers
_vAttitudes.
650 _aTelevision programs
_vViewership.
650 _aChildren
_vAttitudes toward television.
650 _aMass media
_vInfluence on children.
942 _2lcc
_cPASS
999 _c96139
_d96139